000 00638nam a2200205Ia 4500
005 20250507130133.0
008 008 250505s9999 xx 000 0 eng d
037 _aDIS
040 _aEASL
_beng
_cEASL
041 _aeng
_2eng
084 _a0000069, CHA
_qEASL
100 _aChauhan Rakhee
245 0 _aSino-Indian dispute in the western sector 1842-1963 V.C. Bhutani
260 _aIndia
_bDelhi University. Social Sciences. Chinese & Japanese Studies
_c1992
300 _a113p.
546 _aBoth Acc. Nos. are of same dissertation
650 _aDiss
942 _cDIS
_h0000069, CHA
999 _c1317937
_d1317937